000
00354nam a2200133Ia 4500
008
230411s9999 xx 000 0 und d
041
_a
eng
082
_a
MS/610.7361/B08598
100
_a
Ansari Javed
245
_a
Solved Papers in Medical Surgical Nursing
260
_b
S Vikas and Co
_a
Jalandhar
_c
2016
300
_a
218p
999
_c
158222
_d
158222